000 00914nab a2200265 u 4500
001 19798
003 HDC
007 cr bn ---aaaaa
008 210302c20120214xx dr|noo 0 a eng d
040 _aHDC
100 _aMd Rasooldeen
_eauthor
_918088
245 0 _aSaudi Arabia: Scientists, scholars to redefine Halal / by
_cMd Rasooldeen
260 _a[No place] :
_b[publisher not identified],
_c2012
300 _a1 online resource
336 _atext
_2rdacontent
337 _acomputer
_2rdamedia
338 _aonline resource
_2rdacarrier
650 _aconference on halal food
_zSaudi Arabia
_918089
650 _ahalal food industry.
_9128
710 _aHalal Focus
856 _zRequest full-text at [email protected]
942 _2lcc
942 _cNEWS
942 _kNWSO 006261
999 _c17114
_d17114